005840000a22001690004500003001100000005001700011008004100028040003900069041000800108082001300116245004800129260007700177300006800254650003000322700003200352700003000384LK-CoMWRAF20231215111216.0230817t ||||| |||| 00| 0 eng d aLK-CoMWRAFdLK-CoMWRAFeLK-CoMWRAF aeng a310bQUI a Women & work in Asia : ba call for action a[Manila]:bCommission on Women and Work, Asian Women's Institutec[1985] a xii, 102 p. : ill. (some color) ; 23 cmbBibliography included aVocational guidance- Asia aQuisumbing, Lourdes R.eed. aLazarus, Barbara B. eed.